000 01443nam a2200457 i 4500
001 36641
003 KOSZ 005
005 20211203113632.0
008 991129s1999 pl a f f |000 0 pol
015 _aPB 1999/18904
020 _a8301128631
035 _a(OCoLC)749319458
040 _aWA N
_cWA N
_dKOSZ 005/HR
041 0 _apol
046 _k1999
080 _a621.01
080 _a744
080 _a(075.8)
100 1 _aBober, Aleksander.
_eAutor
245 1 0 _aZapis konstrukcji /
_cAleksander Bober, Marian Dudziak.
260 _aWarszawa :
_bWydaw. Naukowe PWN,
_c1999.
300 _a263 s. :
_bfot., rys. ;
_c24 cm.
336 _2rdacontent
_aTekst
_btxt
337 _2rdamedia
_aBez urządzenia pośredniczącego
_bn
338 _2rdacarrier
_aWolumin
_bnc
380 _aKsiążki
380 _aPublikacje dydaktyczne
385 _mPoziom nauczania
_aSzkoły wyższe
388 _a1901-2000
388 _a1989-2000
504 _aBibliogr. s. 262-263.
658 _aInżynieria i technika
655 4 _aPodręczniki akademickie
655 4 _aRysunek techniczny
650 4 _aMaszyny
650 4 _a Konstrukcja maszyn i urządzeń
700 1 _aDudziak, Marian
_d(1941- ).
_eAutor
710 2 _aWydawnictwo Naukowe PWN
_4pbl.
856 _uhttp://koha.tu.koszalin.pl/cgi-bin/koha/opac-detail.pl?biblionumber=36641
_yKatalog online BPK
942 _2UKD
_cKS
999 _c36641
_d36641